Undertale - All songs with the Ruins motif - Statistics

General Stats
  • This quiz has been taken 8 times
  • The average score is 6 of 10
Answer Stats
Answer % Correct
Ruins
100%
Waterfall
88%
An Ending
75%
Quiet Water
75%
Spear of Justice
75%
Don’t Give Up
63%
NGAHHH!!
63%
Battle Against a True Hero
38%
Respite
38%
But The Earth Refused to Die
25%
No matching quizzes found
Score Distribution
Percent of People with Each Score
Percentile by Number Answered
Your Score History
You have not taken this quiz